| 000 | 00360nam a2200145Ia 4500 | ||
|---|---|---|---|
| 008 | 220204s9999 xx 000 0 und d | ||
| 020 | _a0195142527 | ||
| 082 |
_a621.38 _bSED |
||
| 100 | _aSedra, Add S | ||
| 245 | 0 | _aMicroelectronic circuits | |
| 250 | _aEd.5 | ||
| 260 |
_aIndia _bOxford University Press _c2004 |
||
| 700 | _aSmith, Kenneth C | ||
| 942 | _cBK | ||
| 999 |
_c42672 _d42672 |
||